Born In Manhattan Quiz Stats

Quiz Updated Sep 26, 2015

Also try: Born in the Bronx
Challenge
Share
Tweet
Score 0/24 Timer 06:00
7 Plays Today
% Correct
Ben Stiller
93.4%
Lady Gaga
92.7%
Sylvester Stallone
90.5%
Robert De Niro
88.5%
Robert Downey Jr.
87.6%
Lindsay Lohan
83%
Vin Diesel
78.7%
Tupac Shakur
74.2%
Jane Fonda
69.2%
Scarlett Johansson
68.2%
Sarah Michelle Gellar
67.4%
Sigourney Weaver
67.4%
% Correct
Sammy Davis Jr.
64.6%
Maggie Gyllenhaal
62.9%
Alicia Keys
50%
Viggo Mortensen
49.1%
Julia Stiles
48.3%
Walter Matthau
45.6%
Carroll O'Connor
43.5%
Lena Dunham
42.8%
Olivia Wilde
42.6%
Melanie Griffith
38.3%
Jean Stapleton
34.4%
Abigail Breslin
31.4%

You're not logged in!

Compare scores with friends on all Sporcle quizzes.
Sign Up with Email
OR
Log In

You Might Also Like...

Show Comments

Extras

Top Quizzes Today


Score Distribution

Your Account Isn't Verified!

In order to create a playlist on Sporcle, you need to verify the email address you used during registration. Go to your Sporcle Settings to finish the process.